Sobre la problemática de la programación secuencial
Guardado en:
| Hovedforfatter: | |
|---|---|
| Format: | Bog |
| Udgivet: |
1975
|
| Tags: |
Tilføj Tag
Ingen Tags, Vær først til at tagge denne postø!
|
MARC
| LEADER | 00000nam a2200000Ia 4500 | ||
|---|---|---|---|
| 003 | 007076 | ||
| 005 | 20230623151607.0 | ||
| 008 | 140114s1975 cr a m 000 ||s d | ||
| 040 | |c cru CEDI | ||
| 100 | |a Ortiz Gutiérrez, Claudio G |9 11954 | ||
| 245 | |a Sobre la problemática de la programación secuencial | ||
| 260 | |c 1975 | ||
| 300 | |a 34 hojas : ilustraciones | ||
| 500 | |a A la cabeza de la portada: Universidad de Costa Rica. Facultad de Ingeniería. Escuela de Ingeniería Industrial. Requisito parcial para optar al Título de Ingeniero Industrial | ||
| 942 | |c CEDI |h TFG 2835 |6 TFG_2835_000000000000000 | ||
| 999 | |c 19872 |d 19872 | ||
